书目信息 |
| 题名: |
小流域水土保持监测评价技术手册
|
|
| 作者: | 何兴照 , 赵光耀 主编 ;英国赠款小流域治理管理项目执行办公室 编 | |
| 分册: | ||
| 出版信息: | 北京 中国计划出版社 2008.12 |
|
| 页数: | 207页 | |
| 开本: | 24cm | |
| 丛书名: | ||
| 单 册: | ||
| 中图分类: | S157.2 | |
| 科图分类: | ||
| 主题词: | 小流域--水土保持--监测--中国 , 水土保持 , 小流域--水土保持--评价--中国 , 小流域 | |
| 电子资源: | ||
| ISBN: | 978-7-80242-271-1 | |
| 000 | 01182nam0 2200313 450 | |
| 001 | 1161286527 | |
| 005 | 20111209170203.09 | |
| 010 | @a978-7-80242-271-1@dCNY42.00 | |
| 090 | @aS157@bhxz | |
| 096 | @aS157@bygz | |
| 100 | @a20090115d2008 em y0chiy50 ea | |
| 101 | 0 | @achi |
| 102 | @aCN@b110000 | |
| 105 | @ay z 000yy | |
| 200 | 1 | @a小流域水土保持监测评价技术手册@b专著@f何兴照,赵光耀主编@g英国赠款小流域治理管理项目执行办公室编@9xiao liu yu shui tu bao chi jian ce ping jia ji shu shou ce |
| 210 | @a北京@c中国计划出版社@d2008.12 | |
| 215 | @a207页@d24cm | |
| 300 | @a英国赠款小流域治理管理项目 | |
| 330 | @a本书内容包括:小流域监测评价点的布设、小流域监测评价的内容、小流域监测评价指标体系等。 | |
| 606 | 0 | @a小流域@x水土保持@x监测@y中国 |
| 606 | 0 | @a水土保持 |
| 606 | 0 | @a小流域@x水土保持@x评价@y中国 |
| 606 | 0 | @a小流域 |
| 690 | @aS157.2@v4 | |
| 701 | 0 | @a何兴照@4主编@9he xing zhao |
| 701 | 0 | @a赵光耀@4主编@9zhao guang yao |
| 712 | 02 | @a英国赠款小流域治理管理项目执行办公室@4编@9ying guo zeng kuan xiao liu yu zhi li guan li xiang mu zhi xing ban gong shi |
| 801 | 0 | @aCN@b大连网信软件有限公司图书馆·11@c20111209 |
| 905 | @aZUCC@dS157.2@eH219 | |
| 小流域水土保持监测评价技术手册/何兴照,赵光耀主编/英国赠款小流域治理管理项目执行办公室编.-北京:中国计划出版社,2008.12 |
| 207页;24cm |
| 英国赠款小流域治理管理项目 |
| ISBN 978-7-80242-271-1:CNY42.00 |
| 本书内容包括:小流域监测评价点的布设、小流域监测评价的内容、小流域监测评价指标体系等。 |
| ● |
| 相关链接 |
|
|
|
正题名:小流域水土保持监测评价技术手册
索取号:S157.2/H219
 
预约/预借
| 序号 | 登录号 | 条形码 | 馆藏地/架位号 | 状态 | 备注 |
| 1 | 842951 | 208429510 | 自科库401/401自科库 66排6列5层/ [索取号:S157.2/H219] | 在馆 | |
| 2 | 842952 | 208429529 | 自科二线504/504自科库 44排3列2层/ [索取号:S157.2/H219] | 在馆 | |
| 3 | 842975 | 208429752 | 自科库401/401自科库 66排6列5层/ [索取号:S157.2/H219] | 在馆 |